000 00722cab a2200277 4500
001 ABS53924
008 090401t1995 xxu||||| |||| 00| 0 eng d
035 _a(Sirsi) u7443
041 _aeng
245 _aFocus `95: leisure market
260 _c1995
350 _a0
490 _aEstates Gazette
_v(9534) 4 November 1995, 111-131(10)
650 _aCINEMAS
650 _aFOOTBALL STADIA
650 _aFULHAM FOOTBALL CLUB
650 _aGOLF COURSES
650 _aHOTEL MARKET
650 _aLEISURE MARKET
650 _aPUB MARKET
650 _aPUBLIC HOUSES
690 _aPROPERTY-COMMERCIAL PROPERTY-COMMERCIAL PROPERTY MARKET
690 _aLEISURE AND RECREATION
942 _n0
948 _c04/03/1997
999 _c4497
_d4497